Etimologia dei Paesi #5 - Statistics

Statistiche generali
  • Questo quiz è stato fatto 32 volte
  • Il punteggio medio è 5 su 10
Statistiche sulle risposte
Etimologia Paese % Corretto
"Terra dei Franchi" Francia
89%
Dalla sua posizione al centro del continente Repubblica Centrafricana
85%
Da un termine latino che Cesare utilizzava per riferirsi ai popoli al di là del Reno Germania
63%
Da Maurizio di Nassau, governante dei Paesi Bassi Mauritius
56%
Dal nome del terzo re d'Israele Isole Salomone
48%
Dal nome di una popolazione scandinava stanziatasi nei pressi di Kiev Russia
48%
"Henna", in greco antico Cipro
33%
Dal nome di una dinastia che vi regnò nel III sec. a.C. Cina
30%
"Villaggio", in un dialetto irochese Canada
22%
"Terra degli uomini incorruttibili", dal more e dal dioula Burkina Faso
7%
Nessun quiz corrispondente trovato
Distribuzione punteggi
Percentuale di utenti per punteggio
Percentile per numero di risposta
I tuoi punteggi nel tempo
Non hai fatto questo quiz